Quizzes
Events
Quiz Creation
Community
Videos
Private Events
Remove Ads
Sign In
Join for FREE
Feedback
Dark Mode
Quiz Categories
Sports
Geography
Music
Movies
Television
Just For Fun
Miscellaneous
History
Literature
Language
Science
Gaming
Entertainment
Religion
Holiday
For Kids
Quiz Lab
Recent
Popular Today
Quiz Kudos Today
Editor Picks
Curator Picks
Quizzes by...
Day
Popularity
Type
Ratings
Length
Year
Community
Subscriptions
Recent Discussions
Orange Saloon
Badges
Playlists
Quests
Create
Leaderboards
Showdown
Live 5
Trivia Bingo
Activity
Puzzle Library
Sporcle Events
Private Events
Virtual Trivia
Globe League
Become a Host
Pub Owners
SporcleCon
Opinionation
Our Games
Videos
Blog
Mobile Apps
Partnerships
Remove Ads and Go Orange
Feedback
Music
Pop Music
The Beatles
Song
Album
Lyrics
Bands
Singers
Artist
Clip
Rock
Rap
Classical
Billboard
Country Music
Kpop
Taylor Swift
Music
Pop Music
The Beatles
Song
Album
Lyrics
Bands
Singers
Artist
Clip
Rock
Rap
Classical
Billboard
Country Music
Kpop
Taylor Swift
Random Quiz
Search Sporcle
×
Quiz Lab
Quiz Lab
Music
Taylor Swift
Type in answers that appear in a list
Type in answers that appear in a list
Classic
Best Score? Go Orange.
Taylor Swift Come Back.. Be Here Lyrics Stats
Can you name the Come Back.. Be Here lyrics?
By
SporcleEXP
10m
297 Questions
1,406 Plays
1,406 Plays
1,406 Plays
Comments
Comments
Give Quiz Kudos
Give Quiz Kudos
-
- Ratings
hide this ad
Replay
Link that replays current quiz
Next Quiz
Link to next quiz in quiz playlist
You Got
0%
They Got
Avg Score
89%
Avg Friend Score
Upgrade to see
Score Distribution
Jump to the score distribution portion of the page
Score
0/297
Timer
10:00
0
Plays Today
% Correct
I
99.1%
I
99.1%
I
99.1%
I
99.1%
I
99.1%
I
99.1%
I
99.1%
I
99.1%
I
99.1%
I
99.1%
I
99.1%
I
99.1%
I
99.1%
I
99.1%
I
99.1%
I
99.1%
I
99.1%
I
99.1%
You
98.9%
you
98.9%
you
98.9%
you
98.9%
you
98.9%
you
98.9%
you
98.9%
you
98.9%
you.
98.9%
you
98.9%
you
98.9%
you
98.9%
you
98.9%
you
98.9%
you
98.9%
in
98.6%
in
98.6%
in
98.6%
in
98.6%
in
98.6%
in
98.6%
in
98.6%
in
98.6%
in
98.6%
in
98.6%
in
98.6%
a
98.4%
the
98.4%
the
98.4%
the
98.4%
the
98.4%
the
98.4%
The
98.4%
The
98.4%
the
98.4%
the
98.4%
the
98.4%
way
96.8%
way
96.8%
way
96.8%
way
96.8%
way
96.8%
it
96.7%
it
96.7%
don't
95.1%
don't
95.1%
don't
95.1%
don't
95.1%
don't
95.1%
don't
95.1%
don't
95.1%
don't
95.1%
back
94.2%
back
94.2%
back
94.2%
back
94.2%
back
94.2%
back
94.2%
back
94.2%
back
94.2%
back
94.2%
back
94.2%
back
94.2%
back
94.2%
back
94.2%
back
94.2%
to
94.1%
to
94.1%
your
94%
be
94%
be
94%
be
94%
be
94%
be
94%
be
94%
be
94%
be
94%
be
94%
be
94%
be
94%
be
94%
% Correct
be
94%
come
94%
come
94%
come
94%
come
94%
come
94%
come
94%
come
94%
come
94%
Come
94%
come
94%
come
94%
come
94%
that
93.9%
that
93.9%
that
93.9%
that
93.9%
that
93.9%
here
93.8%
here
93.8%
here
93.8%
here.
93.8%
here
93.8%
here
93.8%
here
93.8%
here.
93.8%
here
93.8%
here
93.8%
here
93.8%
here
93.8%
here
93.8%
said
93%
when
92.8%
when
92.8%
when
92.8%
when
92.8%
this
92.7%
this
92.7%
this
92.7%
this
92.7%
this
92.7%
this
92.7%
this
92.7%
This
92.7%
This
92.7%
This
92.7%
this
92.7%
this
92.7%
is
91.5%
is
91.5%
is
91.5%
is
91.5%
is
91.5%
is
91.5%
know
91.4%
know
91.4%
know
91.4%
And
90.9%
wanna
90.9%
and
90.9%
wanna
90.9%
And
90.9%
and
90.9%
And
90.9%
wanna
90.9%
wanna
90.9%
and
90.9%
and
90.9%
wanna
90.9%
And
90.9%
wanna
90.9%
miss
90.8%
you're
90.8%
miss
90.8%
you're
90.8%
you're
90.8%
you're
90.8%
miss
90.8%
you're
90.8%
simple
90.8%
like
90.5%
like
90.5%
like
90.5%
all.
90.4%
all.
90.4%
at
90.3%
at
90.3%
New
90.1%
New
90.1%
New
90.1%
York
89.7%
York
89.7%
York
89.7%
feeling
89.6%
feeling
89.6%
feeling
89.6%
London
89.6%
London
89.6%
feeling
89.6%
% Correct
how
88.7%
second
88.3%
but
88.3%
but
88.3%
But
88.3%
sinks
87.5%
sinks
87.5%
sinks
87.5%
today
87.2%
today
87.2%
today
87.2%
strange
86.4%
need
86.4%
need
86.4%
need
86.4%
4am
85.9%
fall
85.8%
not
84.8%
not
84.8%
so
83.6%
so
83.6%
took
83.6%
guess
83.6%
took
83.6%
guess
83.6%
guess
83.6%
down
83.4%
me
83.4%
me
83.4%
down
83.4%
it's
82.2%
can
82.1%
can
82.1%
love
81.7%
with
81.1%
'cause
81.1%
than
80.7%
kiss
80.7%
one
80.5%
my
80.4%
for
80.4%
plane
80.2%
break
80%
faster
79.7%
last
79.5%
just
79.4%
now
79.4%
now
79.4%
flight
79.2%
about
79.1%
falling
78.8%
falling
78.8%
fair
78.7%
catch
78.7%
play
78.7%
are
78.3%
never
78.2%
never
78.2%
away
78.2%
around
78.2%
much
78.1%
goodbye
77.7%
mind
77.4%
was
77.1%
would
77.1%
long
76.5%
have
75.9%
what
75.8%
wish
75.8%
get
75.5%
worlds
75.2%
anything
75%
right
74.8%
bring
74.7%
can't
74.6%
Spinning
74.3%
through
74.1%
myself
73.8%
Without
73.6%
knowing
73.6%
if
73.5%
told
73.4%
Taxi
73.2%
had
72.3%
streets
72%
attached
71.8%
known
71.6%
busy
71.6%
cabs
71.2%
cruelest
71.2%
put
70.6%
played
70.3%
help
69.6%
nonchalant.
68.2%
Stumbled
66.4%
rush
65.1%
beginning
63.7%
delicate
63.4%
date
58.3%
Quiz Playlist
Details
Report
Send in Message
Add To Playlist
Classic:
Type in answers that appear in a list
Last Updated: Feb 16, 2017
Quiz Scoreboard
CHALLENGE
Sign Up to Join the Scoreboard
Show All
Scores
Hide
Comments
May contain spoilers
Recently Published
1-10 Letter E Words III
by El_Dandy
Language
2m
One Thing in Common: World Cities II
by knightlancer
Geography
7m
Popular People in 1961
by mucciniale
History
6m
More to Explore
Quiz From the Vault
Featured Blog Post
Where Did the Easter Bunny Come From?
hide this ad
You Might Also Like...
Tags
Album Quiz
Lyrics Quiz
Song Quiz
Taylor Swift Quiz
comeback
Deluxe
Here
Red
Today's Top Quizzes in Music
Browse Music
hide this ad
Today's Top Quizzes in Taylor Swift
Browse Taylor Swift
Top Contributed Quizzes in Music
1
Taylor Swift All Songs (2024)
2
2010s Album by Cover III
3
Taylor Swift Logic Puzzle
4
One Thing in Common: Music
5
Guess the Artist- 70s Songs
6
Guess the Taylor Swift song (Mystery Song)
7
2010s Album by Cover V
8
2010s Album by Cover IV
9
Lana Del Rey Discography (BTD to DYKTTATUOB)
10
KPOP LOGIC QUIZ
Explore More
Trending Topics
Marvel
NBA
Kpop
Crossword
Disney
Anime
Harry Potter
NFL
Song
Soccer
The Office
Country
Puzzle
WWE
Pokémon
hide this ad
More By:
SporcleEXP
Quiz
Plays
Rating
Category
Featured
Created
Harry Potter Deaths in Order Minefield
3,067,941
4.18
Literature
Jan 27, 2016
Sins, Dwarfs, and Spice Girls
847,245
4.42
Just For Fun
Apr 11, 2012
Ancient History Bunker
708,007
4.28
History
Jan 20, 2014
Movie Posters VI
678,966
4.37
Movies
Nov 12, 2010
Movie Posters VII
621,792
4.44
Movies
Apr 16, 2011
Go to Creator's Profile
Score Distribution
Quiz Creator Spotlight
SporcleEXP
Follow
Send a Message
Quizzes Created
-
Created Quiz Play Count
-
More By This Creator
Popular Quizzes Today
1
Find the US States - No Outlines Minefield
2
Find the Countries of Europe - No Outlines Minefield
3
The Countries of the World
4
Popular People in 1961
5
1-10 Letter E Words III
6
Find the US States
7
One Thing in Common: World Cities II
8
US States
More Music Quizzes
One Word 80s Songs
Curator's Pick
Trending Quizzes
Risky Map Clicking: Least Populous States A-Z
1-10 Letter F Words
1-10 Letter G Words
One Thing in Common: United Kingdom
Risky Map Clicking: Biggest States A-Z
Recently Updated
Leaping Animals
pecheneg
Reality TV Shows (A-Z)
bhenderson79
Rickey Henderson's Hall of Fame Teammates
pecheneg
Champions League XIs: Arsenal
pecheneg
Quick Pick: Celebrities in WWE's Hall of Fame
aduchscher
A-Z Keypad Blitz II
pecheneg
Multiple Oscar Actors
pecheneg
Mystery Phrase Blitz: Oscar 'Best Actors'
pecheneg
F. Scott Fitzgerald Novels
LTH
Pick 3 Villains
ddd62291
Trending Topics
Kpop
Anime
Disney
Harry Potter
Marvel
Crossword
NBA
Country
Song
Soccer
NFL
Pokémon
The Office
Puzzle
WWE
Your Account Isn't Verified!
In order to create a playlist on Sporcle, you need to verify the email address you used during registration. Go to your
Sporcle Settings
to finish the process.
Report this User
Report this user for behavior that violates our
Community Guidelines
.
Details:
Send Report
Go to the Sporcle.com Mobile Site →
Comments